Statistics for They Shoot Pictures, Don't They? - films 381 to 400

Click here to take the quiz!

General Stats

  • This quiz has been taken 24 times
  • The average score is 6 of 20

Answer Stats

Answer% Correct
Aliens
79%
Harold and Maude
53%
The Birth of a Nation
53%
Orlando
37%
1900
32%
Crimes and Misdemeanors
32%
It Happened One Night
32%
My Uncle
32%
Nostalghia
26%
Two-Lane Blacktop
26%
Orpheus
21%
The Tenant
21%
In a Year with 13 Moons
16%
I Was Born, But…
16%
Miracle in Milan
16%
Stranger than Paradise
16%
The Hour of the Furnaces
16%
I Know Where I'm Going
11%
Limite
11%
The Flowers of St. Francis
11%

Score Distribution

Percentile by Number Answered

Percent of People with Each Score

Your Score History

You have not taken this quiz